| 000 -Cabecera (24) |
| Campo de control interno |
00753nam a22002534a 4500 |
| 001 - Número de control |
| Campo de control |
ESSALUD |
| 007 - Tipo material - Descripcion fisica - info general |
| Tipo material |
ta |
| 008 - Códigos de longitud fija (40p) |
| Campo de control de longitud fija |
t2016 pe gr 00| 0 spa d |
| 040 ## - Origen de la Catalogacion |
| Origen de la Catalogacion |
ESSALUD |
| 041 ## - Código de idioma (R) |
| Código de lengua del texto/banda sonora o título independiente (R) |
spa |
| 043 ## - Pais ISO |
| País ISO |
pe |
| 082 ## - Número de la Clasificación |
| Clasificación Dewey |
615.8 |
| Codigo Cutter |
E78G |
| 110 ## - Autor Corporativo |
| Nombre de entidad corporativa o nombre de jurisdicción como elemento inicial (NR |
Perú. Seguro Social de Salud (EsSalud). Gerencia de Medicina Complementaria |
| Rol del autor |
autor |
| 9 (RLIN) |
52807 |
| 245 ## - Titulo |
| Titulo |
Informe anual 2016 de producción de los servicios de medicina complementaria |
| 250 ## - Mencion de edicion |
| Mencion de edicion |
1 ed. |
| 260 ## - Editorial |
| Ciudad |
Lima : |
| Nombre de la Editorial |
EsSalud, |
| Fecha |
2016 |
| 300 ## - Descripcion |
| Páginas |
61 páginas |
| 650 ## - Temas - Descriptores |
| Temas - Descriptores |
TERAPIAS COMPLEMENTARIAS |
| 9 (RLIN) |
7141 |
| 650 ## - Temas - Descriptores |
| Temas - Descriptores |
SEGURIDAD SOCIAL |
| 9 (RLIN) |
2070 |
| 650 ## - Temas - Descriptores |
| Temas - Descriptores |
SERVICIOS DE SALUD |
| 9 (RLIN) |
1785 |
| 650 ## - Temas - Descriptores |
| Temas - Descriptores |
ATENCIÓN AL PACIENTE |
| 650 ## - Temas - Descriptores |
| Temas - Descriptores |
PERÚ |
| 9 (RLIN) |
13 |
| 942 ## - Datos personalizados Koha |
| Tipo de Documento |
Libros |
| Fecha procesamiento |
2026-06-23 |
| Documentalista |
AFC |